000 00327nam a2200133Ia 4500
005 20260328101441.0
008 260328s9999||||xx |||||||||||||| ||und||
100 _aDontas, George
245 4 _aThe Acropolis and its museum /
_cGeorge Dontas
260 _bClio Editions
300 _a135 p.
650 _aANTIGUEDAD
942 _cBK
999 _c8262
_d8262